00442cam a2200169ua 4500001000500000005001700005008003900022040000900061082001000070100002200080245005100102250000900153260004300162300002300205653001300228653003100241249220260515113515.0111222n ii |||gr||||Z||||||asm cMAIN a398.2 aBarkataki, S. N.,1 aTribal folk tales of assamcby S. N. Barkataki a1st. aGuahati:bPublication board assam,982. axiii; 244p:c23cm. aFolklore aTribal folk tales of assam